Prezentácia podniku prostredníctvom sociálnych sietí bakalárska práca

Enregistré dans:
Détails bibliographiques
Auteur principal: Karolčíková, Lea
Collectivité auteur: Fakulta podnikového manažmentu EU. Katedra informačného manažmentu
Autres auteurs: Töröková, Anikó, 1963-
Format: Livre
Langue:slovaque
Publié: Bratislava 2024
Tags: Ajouter un tag
Pas de tags, Soyez le premier à ajouter un tag!

MARC

LEADER 00000nbm a2200000 4500
001 0309700
005 20260113142544.4
041 0 |a slo 
044 |a SK 
245 1 0 |a Prezentácia podniku prostredníctvom sociálnych sietí  |b bakalárska práca  |c Lea Karolčíková ; školiteľ: Anikó Töröková 
264 1 |a Bratislava  |c 2024 
300 |a 53 s. 
100 1 |a Karolčíková, Lea 
700 1 |a Töröková, Anikó, 1963- 
710 2 |a Fakulta podnikového manažmentu EU. Katedra informačného manažmentu